Fun things to make and do

Bibliographic Details
Main Author: Casselden, Rosie
Format: Book
Published: UK : Heinemann Educational Publishers , 1999
Series:Discovery world
Subjects:

MARC

LEADER 00000cam a2200000 7i4500
001 0000023180
005 20220105104033.0
008 080821
020 |a 0435098144 
090 0 0 |a JP   |b EDU ENG 
100 1 |a Casselden, Rosie 
245 1 0 |a Fun things to make and do   |c Rosie Casselden 
260 |a UK :   |b Heinemann Educational Publishers ,   |c 1999 
440 |a Discovery world 
500 |a Children age 4-6 years old (yellow) 
650 0 |a Education, preschool 
650 0 |a English fiction 
999 |a 0001027761   |b Book   |c REFERENCE   |e Perbadanan Perpustakaan Awam Johor 
999 |a 0001045216   |b Book   |c Children Collection   |e Cawangan Taman Sri Lambak 
999 |a 0001045217   |b Book   |c Children Collection   |e Cawangan Taman Sri Lambak